[Event "Francia ch 2007 Femenino"]
[Site "Aix-les-Bains FRA"]
[Date "2007.08.16"]
[Round "4.5"]
[White "Benmesbah, Natacha"]
[Black "Fruteau, Sabine"]
[Result "1/2-1/2"]
[WhiteElo "2220"]
[BlackElo "2170"]
[PlyCount "128"]
[EventDate "2007.08.13"]
[EventType "tourn"]
[EventRounds "11"]
[EventCountry "FRA"]
[Source "lmi"]
[SourceDate "2007.08.13"]

1. e4 e5 2. Nf3 Nc6 3. Nc3 Nf6 4. a3 d6 5. d4 Bg4 6. dxe5 dxe5 7. Qxd8+ Rxd8 8.
Bb5 Bxf3 9. gxf3 a6 10. Bxc6+ bxc6 11. Rg1 g6 12. Be3 Nd7 13. O-O-O Bc5 14. Kb1
Bxe3 15. fxe3 Nb6 16. b3 Ke7 17. Rd3 Rd6 18. f4 f6 19. Kc1 Rhd8 20. Rgd1 Rg8
21. Ne2 g5 22. fxe5 fxe5 23. Ng3 Rxd3 24. cxd3 Nd7 25. Kd2 Rb8 26. Kc3 c5 27.
Nf5+ Ke6 28. Kc4 c6 29. Rd2 Rg8 30. d4 cxd4 31. exd4 Nf6 32. Re2 h5 33. dxe5
Kxe5 34. Ne7 Re8 35. Nxc6+ Kd6 36. Nb4 Rxe4+ 37. Rxe4 Nxe4 38. Kd4 Nd2 39. Nxa6
Nf3+ 40. Ke3 Nxh2 41. Kf2 Ng4+ 42. Kg3 Ne3 43. Nb4 Nf5+ 44. Kh2 Nd4 45. Nd3
Nxb3 46. Nf2 Ke5 47. a4 Kf4 48. Nh3+ Kf5 49. Nf2 g4 50. Kg3 Nc5 51. a5 Kg5 52.
Kh2 Na6 53. Ne4+ Kf4 54. Ng3 h4 55. Ne2+ Ke3 56. Ng1 Nc5 57. Kg2 Na6 58. Kh2
Kf2 59. Nh3+ Kf1 60. Nf4 Nc7 61. Ng2 Kf2 62. Nxh4 g3+ 63. Kh3 Na6 64. Kg4 g2
1/2-1/2

[Event "Francia ch 2007 Femenino"]
[Site "Aix-les-Bains FRA"]
[Date "2007.08.16"]
[Round "4.6"]
[White "Muller, Anne"]
[Black "Lallemand, Roza"]
[Result "1/2-1/2"]
[WhiteElo "2179"]
[BlackElo "2235"]
[PlyCount "89"]
[EventDate "2007.08.13"]
[EventType "tourn"]
[EventRounds "11"]
[EventCountry "FRA"]
[Source "lmi"]
[SourceDate "2007.08.13"]

1. e4 c5 2. Nf3 Nc6 3. d4 cxd4 4. Nxd4 Nf6 5. Nc3 d6 6. Be2 g6 7. O-O Bg7 8.
Nb3 O-O 9. Re1 Be6 10. Bf1 d5 11. Nc5 Bg4 12. f3 d4 13. Nb5 Bc8 14. c3 dxc3 15.
Nxc3 Qb6 16. N3a4 Qc7 17. Be3 Rd8 18. Qe2 b6 19. Nb3 Be6 20. Rac1 Rac8 21. Red1
Rxd1 22. Qxd1 Qb7 23. Nc3 Rd8 24. Qe1 h5 25. Rd1 Rxd1 26. Qxd1 Ne5 27. Qd8+ Kh7
28. Nd4 Bc4 29. Bxc4 Nxc4 30. Bc1 e6 31. b3 Nd7 32. Ndb5 Nce5 33. Bd2 Qc6 34.
Qc7 Qxc7 35. Nxc7 Nc5 36. N7b5 Nc6 37. Nd6 f5 38. exf5 gxf5 39. Nc4 Kg6 40. Kf1
Nd4 41. Ne2 Nxe2 42. Be3 Ng1 43. Kxg1 b5 44. Bc1 Bf8 45. b4 1/2-1/2

[Event "Francia ch 2007 Femenino"]
[Site "Aix-les-Bains FRA"]
[Date "2007.08.17"]
[Round "5.2"]
[White "Fruteau, Sabine"]
[Black "Milliet, Sophie"]
[Result "1/2-1/2"]
[WhiteElo "2170"]
[BlackElo "2414"]
[PlyCount "83"]
[EventDate "2007.08.13"]
[EventType "tourn"]
[EventRounds "11"]
[EventCountry "FRA"]
[Source "lmi"]
[SourceDate "2007.08.13"]

1. e4 c5 2. Nf3 e6 3. c3 d5 4. exd5 Qxd5 5. d4 Nf6 6. Be2 cxd4 7. Qxd4 Nc6 8.
Qxd5 Nxd5 9. O-O Bd6 10. Rd1 Bc7 11. Na3 a6 12. Nc2 O-O 13. Ne3 Nf4 14. Bf1 Ne7
15. g3 Nfg6 16. b3 Re8 17. Ba3 h6 18. Bd6 Bxd6 19. Rxd6 Nf5 20. Nxf5 exf5 21.
Rad1 f4 22. Bg2 fxg3 23. fxg3 Bf5 24. Nd4 Be4 25. Rd7 Ne5 26. Rc7 Bxg2 27. Kxg2
Ng4 28. Rd2 Rac8 29. Rxb7 Rxc3 30. Nf5 g6 31. Nd6 Ne3+ 32. Kh3 Re5 33. Rd4 g5
34. Nxf7 g4+ 35. Kh4 Nf5+ 36. Kxg4 h5+ 37. Kf4 Nxd4 38. Nxe5 Rc2 39. Kg5 Rxh2
40. Kh6 Kf8 41. Ra7 Rxa2 42. Nd7+ 1/2-1/2

[Event "Francia ch 2007 Femenino"]
[Site "Aix-les-Bains FRA"]
[Date "2007.08.17"]
[Round "5.3"]
[White "Wohlers-Armas, Friederike"]
[Black "Benmesbah, Natacha"]
[Result "1/2-1/2"]
[WhiteElo "2120"]
[BlackElo "2220"]
[PlyCount "108"]
[EventDate "2007.08.13"]
[EventType "tourn"]
[EventRounds "11"]
[EventCountry "FRA"]
[Source "lmi"]
[SourceDate "2007.08.13"]

1. d4 f5 2. h3 Nf6 3. g4 fxg4 4. hxg4 Nxg4 5. Qd3 g6 6. Rxh7 Rxh7 7. Qxg6+ Rf7
8. Qxg4 d5 9. Qh5 Qd6 10. Nf3 Qf6 11. Qxd5 Nc6 12. Bg5 Qd6 13. Qxd6 cxd6 14. c3
Bg4 15. Nbd2 O-O-O 16. d5 Nb8 17. Nd4 Bg7 18. f3 Bd7 19. Ne6 Rg8 20. Be3 Rf5
21. Nxg7 Rxg7 22. Bd4 Rh7 23. e4 Rg5 24. Bxa7 Bh3 25. Be3 Rgg7 26. O-O-O Nd7
27. b4 Bxf1 28. Rxf1 Rg2 29. Rf2 Rg1+ 30. Kc2 Ne5 31. Bd4 Ng6 32. f4 Rhh1 33.
c4 Rc1+ 34. Kb2 Rcd1 35. Kc2 Rc1+ 36. Kb2 Rcd1 37. Bc3 Kd7 38. e5 dxe5 39. fxe5
Rde1 40. Nf3 Rb1+ 41. Ka3 Rhc1 42. Bb2 Rxc4 43. e6+ Kc7 44. Rg2 Nf4 45. Be5+
Kb6 46. Nd2 Rc8 47. Nxb1 Nxg2 48. Nc3 Ne1 49. Kb3 Nf3 50. Bf4 Nd4+ 51. Kb2 Rxc3
52. Kxc3 Ne2+ 53. Kd3 Nxf4+ 54. Ke4 Nh5 1/2-1/2

[Event "Francia ch 2007 Femenino"]
[Site "Aix-les-Bains FRA"]
[Date "2007.08.17"]
[Round "5.4"]
[White "Nicoara, Malina"]
[Black "Congiu, Mathilde"]
[Result "1/2-1/2"]
[WhiteElo "2216"]
[BlackElo "2159"]
[PlyCount "120"]
[EventDate "2007.08.13"]
[EventType "tourn"]
[EventRounds "11"]
[EventCountry "FRA"]
[Source "lmi"]
[SourceDate "2007.08.13"]

1. d4 d5 2. c4 c6 3. Nf3 Nf6 4. g3 g6 5. Bg2 Bg7 6. O-O O-O 7. b3 Ne4 8. cxd5
cxd5 9. Bb2 Nc6 10. Nbd2 Bf5 11. Ne5 Nxe5 12. dxe5 Qa5 13. Bxe4 dxe4 14. Nc4
Qa6 15. a4 Rfd8 16. Qc1 Rac8 17. Qf4 Be6 18. Qxe4 Bxc4 19. bxc4 Rxc4 20. Qf3
Rc2 21. Ba3 Bxe5 22. Rab1 Rd7 23. Qg4 f5 24. Qg5 Bf6 25. Qf4 Rc4 26. Qb8+ Kf7
27. Bb2 Rxa4 28. Bxf6 Qxf6 29. Rxb7 Qd6 30. Qc8 Rxb7 31. Qxb7 Qb6 32. Qc8 Qf6
33. e3 a5 34. Kg2 Ra1 35. Qc4+ Kg7 36. Rxa1 Qxa1 37. h4 Qe5 38. Qb3 Qe4+ 39. f3
Qb4 40. Qe6 Qd2+ 41. Kh3 Qd6 42. Qb3 Qe5 43. Kg2 h6 44. Kh2 g5 45. hxg5 hxg5
46. f4 gxf4 47. exf4 Qe2+ 48. Kg1 Qe1+ 49. Kh2 Qf2+ 50. Kh3 Qc5 51. Kh2 Kf6 52.
Qd3 Qb4 53. Qe2 Qc5 54. Qd3 Ke6 55. Qe2+ Kd6 56. Qd3+ Kc7 57. Qb3 Qc6 58. Qa3
Qh6+ 59. Kg2 Qc6+ 60. Kh2 Qh6+ 1/2-1/2

[Event "Francia ch 2007 Femenino"]
[Site "Aix-les-Bains FRA"]
[Date "2007.08.17"]
[Round "5.5"]
[White "Guichard, Pauline"]
[Black "Collas, Silvia"]
[Result "1/2-1/2"]
[WhiteElo "2278"]
[BlackElo "2235"]
[PlyCount "97"]
[EventDate "2007.08.13"]
[EventType "tourn"]
[EventRounds "11"]
[EventCountry "FRA"]
[Source "lmi"]
[SourceDate "2007.08.13"]

1. d4 e6 2. c4 Nf6 3. Nf3 Bb4+ 4. Nbd2 b6 5. a3 Bxd2+ 6. Qxd2 a5 7. e3 Ne4 8.
Qc2 Bb7 9. Bd3 f5 10. O-O a4 11. Nd2 Nxd2 12. Bxd2 O-O 13. f3 Qf6 14. Bc3 Qh6
15. e4 fxe4 16. fxe4 Nc6 17. d5 Qe3+ 18. Kh1 Nd4 19. Qd2 Qxd2 20. Bxd2 Nb3 21.
Rad1 Rxf1+ 22. Bxf1 Nxd2 23. Rxd2 e5 24. Kg1 Rf8 25. Rf2 Rxf2 26. Kxf2 Kf7 27.
c5 bxc5 28. Bb5 Ke7 29. Ke3 Kd6 30. Bxa4 Ba6 31. Bd1 Bf1 32. Kf2 Bd3 33. Ke3
Bf1 34. g3 c6 35. dxc6 Kxc6 36. Be2 Bg2 37. Bc4 Kb6 38. Kd3 Ka5 39. b3 d6 40.
Bd5 Kb5 41. Ba8 c4+ 42. bxc4+ Ka4 43. Kc3 Bf1 44. Bd5 Kxa3 45. c5 dxc5 46. Bc4
Bg2 47. Bd3 Ka2 48. h4 Bf3 49. Kc4 1/2-1/2

[Event "Francia ch 2007 Femenino"]
[Site "Aix-les-Bains FRA"]
[Date "2007.08.17"]
[Round "5.6"]
[White "Lallemand, Roza"]
[Black "Leconte, Maria"]
[Result "1/2-1/2"]
[WhiteElo "2235"]
[BlackElo "2352"]
[PlyCount "98"]
[EventDate "2007.08.13"]
[EventType "tourn"]
[EventRounds "11"]
[EventCountry "FRA"]
[Source "lmi"]
[SourceDate "2007.08.13"]

1. e4 e6 2. d4 d5 3. Nc3 Bb4 4. Bd3 dxe4 5. Bxe4 Nf6 6. Bf3 O-O 7. Nge2 c5 8.
a3 cxd4 9. axb4 dxc3 10. Qxd8 Rxd8 11. Nxc3 Nbd7 12. Be3 Ne5 13. Rxa7 Rxa7 14.
Bxa7 Nxf3+ 15. gxf3 e5 16. Bb6 Re8 17. Ke2 Bf5 18. Ra1 Nd7 19. Be3 Bxc2 20. Ra7
Rb8 21. Nb5 Bb3 22. Nd6 Bd5 23. Ra5 Bc6 24. b5 Bd5 25. b6 Bc6 26. b4 g6 27. Ra1
f5 28. b5 Bd5 29. Rd1 Be6 30. f4 exf4 31. Bxf4 Nxb6 32. Nxf5 Bc4+ 33. Kf3 Rf8
34. Ne7+ Kf7 35. Rd6 Kxe7 36. Rxb6 g5 37. Rxb7+ Ke6 38. Rxh7 Bxb5 39. Rh6+ Kd7
40. Rh7+ Kd8 41. Kg4 gxf4 42. f3 Bd7+ 43. Kg5 Rf5+ 44. Kg6 Ra5 45. Rh4 Ke7 46.
Rxf4 Be8+ 47. Kg7 Rg5+ 48. Kh6 Rh5+ 49. Kg7 Rg5+ 1/2-1/2

[Event "Francia ch 2007 Femenino"]
[Site "Aix-les-Bains FRA"]
[Date "2007.08.18"]
[Round "6.1"]
[White "Muller, Anne"]
[Black "Leconte, Maria"]
[Result "0-1"]
[WhiteElo "2179"]
[BlackElo "2352"]
[PlyCount "104"]
[EventDate "2007.08.13"]
[EventType "tourn"]
[EventRounds "11"]
[EventCountry "FRA"]
[Source "lmi"]
[SourceDate "2007.08.13"]

1. e4 e6 2. d4 d5 3. Nd2 Nc6 4. Ngf3 Nf6 5. e5 Nd7 6. Bd3 f6 7. Qe2 Nb4 8. exf6
Nxd3+ 9. Qxd3 Qxf6 10. c4 Be7 11. O-O O-O 12. Re1 c5 13. Nb3 Qf7 14. Qe2 dxc4
15. Qxc4 Nb6 16. Qe2 c4 17. Nc5 Bf6 18. Ne4 Qh5 19. Bd2 Bd7 20. Bb4 Rfc8 21.
Rac1 Nd5 22. Bd6 b5 23. a3 Kh8 24. Nc5 Bc6 25. Bg3 Nb6 26. Ne5 Qxe2 27. Rxe2
Bd5 28. Rd1 Kg8 29. f3 Be7 30. Ne4 Na4 31. Be1 a5 32. Nc3 Nxc3 33. Bxc3 b4 34.
axb4 axb4 35. Be1 Ra2 36. Kf2 c3 37. bxc3 bxc3 38. Rxa2 Bxa2 39. Rc1 c2 40. Bd2
Bb1 41. Rh1 Ba3 42. Bc1 Bb4 43. f4 Bc3 44. Ke3 Bxd4+ 45. Ke2 Ba2 46. h4 Bd5 47.
Nf3 Bc3 48. Kd3 Ba5 49. Bb2 Bc4+ 50. Ke3 Rb8 51. Bc1 Rd8 52. Nd2 Rd3+ 0-1

[Event "Francia ch 2007 Femenino"]
[Site "Aix-les-Bains FRA"]
[Date "2007.08.18"]
[Round "6.2"]
[White "Collas, Silvia"]
[Black "Lallemand, Roza"]
[Result "1/2-1/2"]
[WhiteElo "2393"]
[BlackElo "2235"]
[PlyCount "91"]
[EventDate "2007.08.13"]
[EventType "tourn"]
[EventRounds "11"]
[EventCountry "FRA"]
[Source "lmi"]
[SourceDate "2007.08.13"]

1. d4 g6 2. e4 Bg7 3. Nf3 d6 4. h3 c5 5. dxc5 Qa5+ 6. c3 Qxc5 7. Bd3 Nf6 8. Be3
Qc7 9. a4 O-O 10. Na3 Nbd7 11. Nb5 Qb8 12. a5 d5 13. exd5 Nxd5 14. Bc1 Nf4 15.
Bf1 Nf6 16. g3 N4h5 17. Bg2 Be6 18. Ra4 Bd7 19. Rb4 Rd8 20. Qe2 Nd5 21. Rb3 a6
22. c4 Ndf4 23. gxf4 axb5 24. cxb5 Rxa5 25. O-O Be6 26. Rb4 Qd6 27. Re4 Nf6 28.
Rd4 Nd5 29. Rdd1 Qc5 30. Ng5 Qxb5 31. Qf3 Rc8 32. Nxe6 fxe6 33. Qg4 Qc6 34.
Rfe1 Kf7 35. Bd2 Rc5 36. b4 Rc4 37. b5 Qb6 38. Ba5 Qd6 39. Rxe6 Nf6 40. Rxf6+
Qxf6 41. Bd5+ Kf8 42. Bxc4 Rxc4 43. Rd8+ Kf7 44. Bd2 Qe6 45. Qf3 Re4 46. Be3
1/2-1/2

[Event "Francia ch 2007 Femenino"]
[Site "Aix-les-Bains FRA"]
[Date "2007.08.18"]
[Round "6.3"]
[White "Congiu, Mathilde"]
[Black "Guichard, Pauline"]
[Result "1/2-1/2"]
[WhiteElo "2159"]
[BlackElo "2278"]
[PlyCount "87"]
[EventDate "2007.08.13"]
[EventType "tourn"]
[EventRounds "11"]
[EventCountry "FRA"]
[Source "lmi"]
[SourceDate "2007.08.13"]

1. e4 c5 2. c3 Nf6 3. e5 Nd5 4. Nf3 Nc6 5. d4 cxd4 6. cxd4 d6 7. Bc4 e6 8. O-O
Be7 9. Qe2 O-O 10. Nc3 Nxc3 11. bxc3 dxe5 12. dxe5 Qa5 13. Qe4 Qa4 14. Bg5 h6
15. Bxe7 Nxe7 16. Rab1 Bd7 17. Bd3 Qxe4 18. Bxe4 Bc6 19. Bxc6 bxc6 20. c4 Rfb8
21. h4 c5 22. Rfd1 Rb6 23. Rb3 Nc6 24. Rb5 Rxb5 25. cxb5 Nb4 26. a3 Nd5 27. Rc1
Rc8 28. Nd2 Nb6 29. Nc4 Rc7 30. f4 f6 31. exf6 gxf6 32. Nd6 c4 33. Ne8 Rf7 34.
a4 Nxa4 35. Rxc4 Nb6 36. Re4 Nd5 37. Rxe6 Nxf4 38. Rxf6 Rxf6 39. Nxf6+ Kf7 40.
Ne4 Ke6 41. g3 Ne2+ 42. Kf2 Nd4 43. Nc3 Ke5 44. g4 1/2-1/2

[Event "Francia ch 2007 Femenino"]
[Site "Aix-les-Bains FRA"]
[Date "2007.08.18"]
[Round "6.4"]
[White "Benmesbah, Natacha"]
[Black "Nicoara, Malina"]
[Result "1-0"]
[WhiteElo "2220"]
[BlackElo "2216"]
[PlyCount "61"]
[EventDate "2007.08.13"]
[EventType "tourn"]
[EventRounds "11"]
[EventCountry "FRA"]
[Source "lmi"]
[SourceDate "2007.08.13"]

1. e4 c5 2. Nf3 Nc6 3. Bb5 Nd4 4. Nxd4 cxd4 5. O-O g6 6. c3 dxc3 7. bxc3 Bg7 8.
d4 Nf6 9. Re1 O-O 10. Bd3 d6 11. Bg5 e5 12. Qd2 Qa5 13. d5 Re8 14. a4 a6 15.
Na3 Nd7 16. Nc4 Qc7 17. a5 f5 18. exf5 gxf5 19. Bh6 Nc5 20. Bxg7 Nxd3 21. Bh6
Nxe1 22. Qg5+ Kh8 23. Qf6+ Kg8 24. Nxd6 Be6 25. dxe6 Re7 26. Nf7 Rxf7 27. exf7+
Qxf7 28. Qxf7+ Kxf7 29. Rxe1 Ke6 30. Bf4 e4 31. f3 1-0

[Event "Francia ch 2007 Femenino"]
[Site "Aix-les-Bains FRA"]
[Date "2007.08.18"]
[Round "6.5"]
[White "Milliet, Sophie"]
[Black "Wohlers-Armas, Friederike"]
[Result "1-0"]
[WhiteElo "2414"]
[BlackElo "2120"]
[PlyCount "55"]
[EventDate "2007.08.13"]
[EventType "tourn"]
[EventRounds "11"]
[EventCountry "FRA"]
[Source "lmi"]
[SourceDate "2007.08.13"]

1. e4 g6 2. d4 d6 3. Nc3 Bg7 4. Be3 Nd7 5. Qd2 a6 6. O-O-O b5 7. f3 Nb6 8. h4
d5 9. h5 dxe4 10. h6 Bf8 11. d5 exf3 12. Nxf3 Nf6 13. Qd4 Bg4 14. Bg5 Bxf3 15.
gxf3 Qd6 16. Bf4 c5 17. dxc6 Qxc6 18. a4 Nxa4 19. Nxa4 bxa4 20. Rh2 a3 21. Rhd2
Qd7 22. Qc4 Qb7 23. Qa4+ Nd7 24. bxa3 Rd8 25. Bxa6 Qa7 26. Rxd7 Rxd7 27. Rxd7
Qxd7 28. Bb5 1-0

[Event "Francia ch 2007 Femenino"]
[Site "Aix-les-Bains FRA"]
[Date "2007.08.18"]
[Round "6.6"]
[White "Flear, Christine"]
[Black "Fruteau, Sabine"]
[Result "1/2-1/2"]
[WhiteElo "2161"]
[BlackElo "2170"]
[PlyCount "90"]
[EventDate "2007.08.13"]
[EventType "tourn"]
[EventRounds "11"]
[EventCountry "FRA"]
[Source "lmi"]
[SourceDate "2007.08.13"]

1. d4 d5 2. e3 Nf6 3. Nf3 e6 4. Bd3 Be7 5. O-O O-O 6. Ne5 c5 7. c3 Nc6 8. f4
Ne4 9. Nxc6 bxc6 10. Bxe4 dxe4 11. Qa4 cxd4 12. cxd4 Qb6 13. Nc3 Ba6 14. Re1
Bd3 15. Qd1 Rab8 16. Na4 Qa5 17. Bd2 Qf5 18. Rc1 Rb5 19. Rxc6 Qg6 20. Rc7 Bh4
21. Rxa7 Bxe1 22. Bxe1 Qf5 23. b3 g5 24. Bg3 Rc8 25. fxg5 Qxg5 26. Bf4 Qg6 27.
Nc5 h5 28. a4 Rb4 29. Bd6 Rb6 30. Bf4 Kh7 31. a5 Rb5 32. h4 Rbxc5 33. dxc5 Rxc5
34. Qa1 Rc2 35. g3 Qf5 36. Rc7 Rxc7 37. Bxc7 Qc5 38. Bf4 Kg6 39. a6 Qa7 40. Bg5
e5 41. Qxe5 Qxa6 42. Bd8 f6 43. Qe8+ Kg7 44. Qe7+ Kg6 45. Qe8+ Kg7 1/2-1/2

[Event "Francia ch 2007 Femenino"]
[Site "Aix-les-Bains FRA"]
[Date "2007.08.19"]
[Round "7.1"]
[White "Fruteau, Sabine"]
[Black "Muller, Anne"]
[Result "1/2-1/2"]
[WhiteElo "2170"]
[BlackElo "2179"]
[PlyCount "98"]
[EventDate "2007.08.13"]
[EventType "tourn"]
[EventRounds "11"]
[EventCountry "FRA"]
[Source "lmi"]
[SourceDate "2007.08.13"]

1. e4 c5 2. Nf3 d6 3. d4 cxd4 4. Nxd4 Nf6 5. Nc3 Nc6 6. Be2 g6 7. O-O Bg7 8.
Be3 O-O 9. Nb3 Be6 10. h3 Na5 11. Bd4 Rc8 12. Bxa7 Rxc3 13. bxc3 Nxe4 14. Bd4
Nxc3 15. Bxc3 Bxc3 16. Rb1 Nc6 17. a4 Qc7 18. Bb5 Ra8 19. Qe2 Bg7 20. Rfd1 Bd7
21. Qd2 h5 22. c3 Bf5 23. Ra1 Na5 24. Nxa5 Qxa5 25. Ra3 Rc8 26. c4 Qxd2 27.
Rxd2 Be6 28. Rc2 d5 29. c5 Bf5 30. Bd3 Bxd3 31. Rxd3 e6 32. Rb3 Rc7 33. a5 Bd4
34. Kf1 Kf8 35. Ke2 Ke8 36. Kd3 Bf6 37. c6 bxc6 38. a6 c5 39. Rxc5 Rxc5 40. a7
Ra5 41. Rb8+ Ke7 42. a8=Q Rxa8 43. Rxa8 e5 44. f3 h4 45. Ra7+ Ke6 46. Ra6+ Kf5
47. Ra5 Ke6 48. Ra6+ Kf5 49. Ra5 Ke6 1/2-1/2

[Event "Francia ch 2007 Femenino"]
[Site "Aix-les-Bains FRA"]
[Date "2007.08.19"]
[Round "7.2"]
[White "Wohlers-Armas, Friederike"]
[Black "Flear, Christine"]
[Result "1-0"]
[WhiteElo "2120"]
[BlackElo "2161"]
[PlyCount "81"]
[EventDate "2007.08.13"]
[EventType "tourn"]
[EventRounds "11"]
[EventCountry "FRA"]
[Source "lmi"]
[SourceDate "2007.08.13"]

1. d4 d5 2. c4 Nc6 3. cxd5 Qxd5 4. e3 e5 5. Nc3 Bb4 6. Bd2 Bxc3 7. bxc3 Nf6 8.
c4 Qd6 9. d5 Nb8 10. f3 Nbd7 11. Nh3 a5 12. e4 O-O 13. Nf2 Nc5 14. g3 Ne8 15.
g4 Qe7 16. h4 b6 17. Be2 Ba6 18. Qc2 Nd6 19. Be3 Ndb7 20. g5 Rac8 21. Ng4 c6
22. h5 cxd5 23. exd5 Nd6 24. Rg1 Kh8 25. h6 g6 26. f4 Nf5 27. Qc3 Ne4 28. Qb2
Nxe3 29. Nxe3 Kg8 30. Qxe5 Qxe5 31. fxe5 Rfe8 32. Ng4 Bxc4 33. Bf3 Bxd5 34.
Bxe4 Bxe4 35. Nf6+ Kf8 36. Nxh7+ Ke7 37. Nf6 Ke6 38. Nxe8 Rxe8 39. Kf2 Kxe5 40.
Rae1 Kf4 41. Rh1 1-0

[Event "Francia ch 2007 Femenino"]
[Site "Aix-les-Bains FRA"]
[Date "2007.08.19"]
[Round "7.3"]
[White "Nicoara, Malina"]
[Black "Milliet, Sophie"]
[Result "0-1"]
[WhiteElo "2216"]
[BlackElo "2414"]
[PlyCount "92"]
[EventDate "2007.08.13"]
[EventType "tourn"]
[EventRounds "11"]
[EventCountry "FRA"]
[Source "lmi"]
[SourceDate "2007.08.13"]

1. d4 d5 2. c4 c6 3. Nf3 Nf6 4. Nc3 a6 5. a4 e6 6. Bf4 a5 7. e3 Be7 8. Bd3 Na6
9. h3 Nb4 10. O-O O-O 11. Re1 b6 12. Ne5 Ba6 13. cxd5 Bxd3 14. Nxd3 exd5 15.
Bg5 Qd7 16. Bxf6 Bxf6 17. Na2 Be7 18. Naxb4 axb4 19. Rc1 Rac8 20. b3 Rfd8 21.
Qf3 Qe6 22. e4 dxe4 23. Rxe4 Qd6 24. Ne5 Bf6 25. Nc4 Qb8 26. Ne5 c5 27. Ng4
Bxd4 28. Re7 Rf8 29. Rd1 Qd6 30. Qb7 Rb8 31. Qa7 Ra8 32. Qb7 Rfb8 33. Qe4 f5
34. Re6 Bxf2+ 35. Nxf2 Qxd1+ 36. Nxd1 fxe4 37. Rxe4 Re8 38. Rxe8+ Rxe8 39. Kf2
Kf7 40. Ne3 Ke6 41. Nc4 Rb8 42. Ke3 b5 43. axb5 Rxb5 44. Kd3 Rb8 45. Ne3 Rf8
46. Kc4 Ke5 0-1

[Event "Francia ch 2007 Femenino"]
[Site "Aix-les-Bains FRA"]
[Date "2007.08.19"]
[Round "7.4"]
[White "Guichard, Pauline"]
[Black "Benmesbah, Natacha"]
[Result "1-0"]
[WhiteElo "2278"]
[BlackElo "2220"]
[PlyCount "37"]
[EventDate "2007.08.13"]
[EventType "tourn"]
[EventRounds "11"]
[EventCountry "FRA"]
[Source "lmi"]
[SourceDate "2007.08.13"]

1. d4 Nf6 2. c4 e6 3. Nf3 b6 4. a3 Bb7 5. Nc3 d5 6. cxd5 exd5 7. Bf4 Be7 8. Rc1
O-O 9. Nb5 c6 10. Nc7 Nh5 11. Be5 f6 12. Ne6 Qc8 13. Nxf8 fxe5 14. Nxh7 Kxh7
15. Nxe5 Qe6 16. e4 Nf6 17. exd5 Qxd5 18. Bd3+ Kh8 19. Ng6+ 1-0

[Event "Francia ch 2007 Femenino"]
[Site "Aix-les-Bains FRA"]
[Date "2007.08.19"]
[Round "7.5"]
[White "Lallemand, Roza"]
[Black "Congiu, Mathilde"]
[Result "1/2-1/2"]
[WhiteElo "2235"]
[BlackElo "2159"]
[PlyCount "88"]
[EventDate "2007.08.13"]
[EventType "tourn"]
[EventRounds "11"]
[EventCountry "FRA"]
[Source "lmi"]
[SourceDate "2007.08.13"]

1. e4 e5 2. Nf3 Nc6 3. Bb5 a6 4. Ba4 Nf6 5. Qe2 b5 6. Bb3 Bc5 7. c3 d6 8. d3 h6
9. Nbd2 O-O 10. h3 Be6 11. Nf1 Re8 12. Ng3 Qd7 13. Nh4 Bxb3 14. axb3 d5 15. Qf3
Re6 16. O-O b4 17. Ngf5 Bf8 18. Ne3 d4 19. cxd4 Nxd4 20. Qd1 Rd8 21. Ng4 Nxg4
22. hxg4 g5 23. Nf5 Nxf5 24. gxf5 Rd6 25. Qg4 f6 26. Be3 Qb5 27. Rfc1 R6d7 28.
Rc4 Rxd3 29. Rxc7 R8d7 30. Rac1 Rxc7 31. Rxc7 Rd7 32. Rc4 Qa5 33. Rc1 Qd8 34.
Qh5 Rc7 35. Ra1 Rc6 36. Kh2 Qd7 37. Rd1 Rd6 38. Rh1 Qf7 39. Qxf7+ Kxf7 40. Rc1
Rd3 41. Rc7+ Ke8 42. Rc8+ Rd8 43. Rc6 Rd6 44. Rc8+ Rd8 1/2-1/2

[Event "Francia ch 2007 Femenino"]
[Site "Aix-les-Bains FRA"]
[Date "2007.08.19"]
[Round "7.6"]
[White "Leconte, Maria"]
[Black "Collas, Silvia"]
[Result "0-1"]
[WhiteElo "2352"]
[BlackElo "2393"]
[PlyCount "82"]
[EventDate "2007.08.13"]
[EventType "tourn"]
[EventRounds "11"]
[EventCountry "FRA"]
[Source "lmi"]
[SourceDate "2007.08.13"]

1. e4 c5 2. Nf3 e6 3. d4 cxd4 4. Nxd4 a6 5. Nc3 Qc7 6. g3 Bb4 7. Nde2 Nf6 8.
Bg2 Be7 9. b3 Nc6 10. Bb2 b5 11. a4 Rb8 12. axb5 axb5 13. O-O O-O 14. Nf4 b4
15. Na4 e5 16. Nd5 Nxd5 17. exd5 Nd4 18. Bxd4 exd4 19. Nb2 Bf6 20. Nc4 d6 21.
Ra2 Bd7 22. Qd3 Bb5 23. Rfa1 Rfc8 24. Bh3 Re8 25. Ra7 Qc5 26. Bf5 Qxd5 27.
Bxh7+ Kh8 28. f3 Qh5 29. Bf5 d5 30. Bg4 dxc4 31. bxc4 Bxc4 32. Qxc4 Qg6 33.
R1a5 d3 34. Rh5+ Kg8 35. cxd3 b3 36. Rxf7 Qxf7 37. Rh8+ Kxh8 38. Qxf7 Re5 39.
d4 b2 40. dxe5 b1=Q+ 41. Kg2 Rb2+ 0-1

[Event "Francia ch 2007 Femenino"]
[Site "Aix-les-Bains FRA"]
[Date "2007.08.21"]
[Round "8.1"]
[White "Muller, Anne"]
[Black "Collas, Silvia"]
[Result "0-1"]
[WhiteElo "2179"]
[BlackElo "2393"]
[PlyCount "120"]
[EventDate "2007.08.13"]
[EventType "tourn"]
[EventRounds "11"]
[EventCountry "FRA"]
[Source "lmi"]
[SourceDate "2007.08.13"]

1. e4 c5 2. Nf3 d6 3. d4 cxd4 4. Nxd4 Nf6 5. Nc3 a6 6. Be2 e5 7. Nb3 Be7 8. O-O
O-O 9. Be3 Be6 10. f3 Nbd7 11. a4 Rc8 12. a5 Qc7 13. Rf2 Qc6 14. Bf1 d5 15.
exd5 Nxd5 16. Nxd5 Bxd5 17. f4 exf4 18. Bd4 f3 19. gxf3 Bh4 20. Rg2 g6 21. Qd2
Bf6 22. Bxf6 Nxf6 23. Nd4 Qc5 24. Rg3 Rfe8 25. c3 Bc6 26. Qg5 Qxg5 27. Rxg5 Bd7
28. Kf2 h6 29. Rg1 Rc5 30. Bd3 Rh5 31. Rg2 Bh3 32. Rg3 Bc8 33. Rg2 Nd5 34. Ne2
Rh4 35. Be4 Nf6 36. Bc2 Kf8 37. Nd4 Nh5 38. Re1 Nf4 39. Rxe8+ Kxe8 40. Rg3
Rxh2+ 41. Ke3 Ne6 42. Ba4+ Ke7 43. b4 h5 44. Bb3 Kd6 45. Rg1 Rh4 46. Nxe6 Bxe6
47. Rd1+ Ke5 48. Bxe6 Kxe6 49. Rd8 Rc4 50. Kd3 Rc7 51. Rb8 Ke5 52. c4 Kf4 53.
Ke2 Kg3 54. b5 axb5 55. cxb5 Kg2 56. a6 bxa6 57. bxa6 Ra7 58. Rb7 Rxa6 59. Rxf7
h4 60. Rf4 Re6+ 0-1

[Event "Francia ch 2007 Femenino"]
[Site "Aix-les-Bains FRA"]
[Date "2007.08.21"]
[Round "8.2"]
[White "Congiu, Mathilde"]
[Black "Leconte, Maria"]
[Result "0-1"]
[WhiteElo "2159"]
[BlackElo "2352"]
[PlyCount "36"]
[EventDate "2007.08.13"]
[EventType "tourn"]
[EventRounds "11"]
[EventCountry "FRA"]
[Source "lmi"]
[SourceDate "2007.08.13"]

1. e4 e6 2. d4 d5 3. exd5 exd5 4. Nf3 Nc6 5. Bb5 Nge7 6. Qe2 Bg4 7. Bxc6+ bxc6
8. Nbd2 g6 9. Qe5 Rg8 10. Ng5 h6 11. Qf4 Bf5 12. Nh7 Bg7 13. g4 g5 14. Nxg5
hxg5 15. Qxg5 Bxc2 16. Qe3 Qd6 17. Nb3 Bxb3 18. axb3 Qb4+ 0-1